LEADER 01260nam a2200289 u 4500 001 000000080133 003 CaOOAMICUS 005 20070226123619.0 008 040625s2002 enk u000 u eng u 020 $a0415217946 035 $a11002000 040 $aPUL$bita 245 00$aAwakening and insight :$bZen Buddhism and psychotherapy /$cedited by Polly Young-Eisendrath and Shoji Muramoto. 260 $a[London and New York] :$bBrunner-Routledge,$c2002. 300 $axii, 275 p. ;$c23 cm 500 $aContiene indici. 504 $aBibliografia in nota. 650 4$aBudda e buddismo.$0(OLS)http://pul/subject/10833 650 4$aPsicoterapia$xSaggi.$0(OLS)http://pul/subject/26367 700 1 $aMuramoto, Shoji.$0(OLS)http://pul/name/53408 700 1 $aYoung Eisendrath, Polly.$0(OLS)http://pul/name/32733 850 $aPUL 852 $aPUL$W1$xSL Religione 3$y85$m294. 3 YOUPO 1$j102380$nBK-PRI$b $qDDC 21$B102380$CPULBib$Z2$F102380 $HPUL95563 $81 941 1 $a9 996 $6020$a0415217946$9(OLS)http://pul/number/105784 996 $6245$aAwakening and insight :$bZen Buddhism and psychotherapy$9(OLS)http://pul/title/104967 996 $6260$a[London and New York] :$bBrunner-Routledge$9(OLS)http://pul/publisher/75789 LEADER 01710namaa2200397 i 4500 001 000000177550 003 CaOOAMICUS 005 20250124151215.0 007 tu 008 250124s2023 it 000 u ita r 020 $a978-88-6434-423-2* 040 $aPUL$bita$erda 082 0 $a262.082 245 10$aRatzinger e la Chiesa :$bapprocci di ricerca /$ca cura di Alessandro Clemenzia e Roberto Regoli. 264 4$c©2023. 264 1$aFirenze :$bNerbini,$c[2023] 300 $a154 pagine ;$c21 cm 336 $atesto$btxt$2rdacontent 337 $asenza mediazione$bn$2rdamedia 338 $avolume$bnc$2rdacarrier 490 1 $aUni-versum ; ;$v1 500 $aTesti in italiano o in inglese. 504 $aBibliografia in nota a pič pagina. 600 04$aBenedictus PP. XVI,$d1927-2022$xEcclesiologia.$0(OLS)http://pul/subject/39019 700 1 $aClemenzia, Alessandro,$cc.o.,$d1981-,$ecuratore.$0(OLS)http://pul/name/81145 700 1 $aRegoli, Roberto,$csacerdote,$d1975-,$ecuratore.$0(OLS)http://pul/name/59728 830 0$aUni-versum ;$b(Facoltą teologica dell'Italia centrale) ;$v1.$0(OLS)http://pul/title/219083 850 $aPUL 852 $aPUL$W1$xSL Religione 3$y85$m262. 082 CLEAL 1$j201502$qDDC 21$B206522$CPULBib$Z2$F206522 $H137649 $82 941 1 $a9 996 $6020$a978-88-6434-423-2*$9(OLS)http://pul/number/170215 996 $6082$a262.082$9(OLS)http://pul/classification/2641 996 $6245$aRatzinger e la Chiesa :$bapprocci di ricerca$9(OLS)http://pul/title/219082 996 $6264$aFirenze :$bNerbini$9(OLS)http://pul/publisher/75552 996 $6264$a[S.l.] :$b[s.n.]$9(OLS)http://pul/publisher/0